| 000 | 01226cam a2200301 p 4500 | ||
|---|---|---|---|
| 999 |
_c127480 _d127480 |
||
| 001 | 1299220 | ||
| 003 | ARRUPE | ||
| 005 | 20180124104442.0 | ||
| 008 | 760921s1975 sz af b 000 0 fre | ||
| 010 | _a 76478414 | ||
| 015 | _aSw75-A-3095 | ||
| 020 | _c58.00F | ||
| 040 |
_aDLC _cDLC _dDLC |
||
| 041 | 1 | _afrerus | |
| 050 | 0 | 0 |
_aBT160 _b.F5514 |
| 082 | 0 | 0 | _a231/.8 |
| 100 | 1 |
_aFlorenskiĭ, P. A. _q(Pavel Aleksandrovich), _d1882-1937. _938841 |
|
| 245 | 1 | 3 |
_aLa colonne et le fondement de la vérité : _bessai d'une théodicée orthodoxe en douze lettres / _cPaul Florensky ; trad. du russe par Constantin Andronikof. |
| 260 |
_aLausanne : _bEditions L'Age d'homme, _c1975 |
||
| 300 |
_a501 p., : _bill. ; _c23 cm. |
||
| 490 | 0 | _aSophia | |
| 490 | 0 | _aCollection Slavica | |
| 500 | _aTranslation of Stolp i utverzhdenīe istiny, originally published in 1914 as a revision of the author's thesis (1912), Moskovskai︠a︡ dukhovnai︠a︡ akademii︠a︡. | ||
| 504 | _aIncludes bibliographical references. | ||
| 650 | 0 |
_aTheodicy. _915155 |
|
| 906 |
_a7 _bcbc _corignew _d3 _encip _f19 _gy-gencatlg |
||
| 942 |
_2lcc _cMONOGRAPH |
||